[Event "WYG16"]
[Site "Oropesa del Mar ESP"]
[Date "2001.10.30"]
[Round "9"]
[White "Anuradha,B"]
[Black "Meshcheriakova,E"]
[Result "1/2-1/2"]
[WhiteElo "2101"]
[BlackElo "2191"]

1.e4 c5 2.Nf3 Nc6 3.d4 cxd4 4.Nxd4 Nf6 5.Nc3 d6 6.Bg5 e6 7.Qd2 a6 8.O-O-O h6
9.Be3 Nxd4 10.Bxd4 b5 11.f3 Bd7 12.e5 dxe5 13.Bxe5 Bc6 14.Bxf6 Qxd2+ 15.Rxd2 gxf6
16.Ne4 f5 17.Nd6+ Ke7 18.c4 bxc4 19.Bxc4 h5 20.Kb1 Bh6 21.Nxf5+ exf5 22.Re1+ Kf8
23.Rd6 Bb5 24.Bxb5 axb5 25.Rd5 b4 26.Rxf5 Kg7 27.Re7 Rhf8 28.g3 Kg6 29.Rb5 Rfb8
30.Rbe5 Bg7 31.Rc5 Re8 32.Rc6+ Bf6 33.Rb7 Rab8 34.Ra7 Re1+ 35.Kc2 Rbe8 36.Raa6 R8e6
37.Rxe6 Rxe6 38.Rxe6 fxe6 39.a4 bxa3 40.bxa3  1/2-1/2

[Event "Chigorin Mem Open"]
[Site "St Petersburg RUS"]
[Date "2001.10.31"]
[Round "6"]
[White "Guseynou,R"]
[Black "Malinin,Y"]
[Result "0-1"]
[WhiteElo "2238"]
[BlackElo "2411"]

1.e4 c5 2.Nf3 d6 3.d4 cxd4 4.Nxd4 Nf6 5.Nc3 Nc6 6.Bg5 e6 7.Qd2 a6 8.O-O-O h6
9.Be3 Be7 10.f4 Nxd4 11.Bxd4 b5 12.Bd3 Bb7 13.a3 Qc7 14.Kb1 Bc6 15.Rhf1 e5
16.Bf2 Qb7 17.Bh4 exf4 18.Bxf6 Bxf6 19.Ne2 a5 20.Nxf4 b4 21.a4 Bxa4 22.Nh5 Be5
23.Bc4 O-O 24.Nf6+ Kh8 25.Ng4 Rac8 26.Nxe5 dxe5 27.b3 Rxc4 28.bxc4 b3 29.cxb3 Bxb3
30.Qd5 Qb4 31.Qd6 Rb8 32.Qxb4 Rxb4 33.Rd8+ Kh7 34.Rf2 Bxc4+ 35.Rb2 Bb3 36.Re8 f6
37.Kc1 a4 38.Re2 a3 39.Ra8 a2 40.Rb2 Rc4+ 41.Kd2 Rd4+ 42.Ke3 Bf7 43.Rbxa2 Bxa2
44.Rxa2 h5 45.h4 Rb4 46.Ra3 Kh6 47.Ra8 Kh7 48.g3 Rb6 49.Rc8 Re6 50.Ra8 Re7
51.Rf8 Re6 52.Kf3 g6 53.Ra8 Re7 54.Ra6 Kg7 55.g4 hxg4+ 56.Kxg4 Rb7 57.Kf3 Rb3+
58.Ke2 Rh3 59.Ra7+ Kh6 60.Rf7 Rxh4 61.Rxf6 Rxe4+ 62.Kf3 Rf4+ 63.Rxf4 exf4
64.Kxf4 Kh5 65.Kg3 Kg5  0-1

[Event "Jonsson Mem Open"]
[Site "Reykjavik ISL"]
[Date "2001.11.01"]
[Round "9"]
[White "Chandler,M"]
[Black "Thorfinnsson,Br"]
[Result "1-0"]
[WhiteElo "2544"]
[BlackElo "2393"]

1.e4 c5 2.Nf3 Nc6 3.d4 cxd4 4.Nxd4 Nf6 5.Nc3 d6 6.Bg5 e6 7.Qd2 Be7 8.O-O-O Nxd4
9.Qxd4 O-O 10.f4 Qa5 11.Bc4 Bd7 12.Rhf1 Bc6 13.Bb3 Rfd8 14.f5 Rac8 15.Bd2 e5
16.Qc4 Rf8 17.Qe2 Qc7 18.g4 d5 19.g5 d4 20.gxf6 dxc3 21.fxe7 cxd2+ 22.Qxd2 Qxe7
23.f6 gxf6 24.Qh6 Kh8 25.Rde1 Rg8 26.Qxf6+ Qxf6 27.Rxf6 Rg4 28.Rxf7 Rxe4
29.Rxe4 Bxe4 30.Re7 Rc5 31.c3 a5 32.Bc2 Bxc2 33.Kxc2 b5 34.Kd3 Rd5+ 35.Ke3 b4
36.c4 Rd4 37.c5 Rc4 38.Rxe5 Kg7 39.Kd3 Rc1 40.h4 Kf6 41.Rh5 Kg6 42.Rd5 Kf6
43.b3 Ke6 44.Rh5 Kd7 45.Kd4 Rc2 46.Rxh7+ Kc6 47.Rh6+ Kb7 48.h5 Rxa2 49.Kc4 Rh2
50.Kb5 Rh3 51.Rh7+ Kc8 52.c6  1-0

[Event "WYB18"]
[Site "Oropesa del Mar ESP"]
[Date "2001.11.02"]
[Round "11"]
[White "Gagunashvili,M"]
[Black "Izoria,Z"]
[Result "1/2-1/2"]
[WhiteElo "2480"]
[BlackElo "2533"]

1.e4 c5 2.Nf3 d6 3.d4 cxd4 4.Nxd4 Nf6 5.Nc3 Nc6 6.Bg5 e6 7.Qd2 a6 8.O-O-O Bd7
9.f4 b5 10.Nxc6 Bxc6 11.Qe1 Be7 12.Bxf6 Bxf6 13.e5 Bh4 14.Qe2 d5 15.Qg4 g6
16.Bd3 Be7 17.h4 h5 18.Qh3 Qb6 19.Bxg6 Bd7 20.Bd3 b4 21.Ne2 a5 22.f5 a4 23.fxe6 Bxe6
24.Bf5 Bxf5 25.Qxf5 Qe3+ 26.Rd2 b3 27.a3 Bxa3 28.Rf1 Rf8 29.Qd3 Qxd3 30.Rxd3 Be7
31.Nf4 Rc8 32.c3 Bxh4 33.Nxd5 Rg8 34.Rh1 Bg5+ 35.Kd1 h4 36.g3 Bd8 37.gxh4 Rg2
38.Ke1 a3 39.bxa3 Ra8 40.Rd2 Rxd2 41.Kxd2 Rxa3 42.Nf6+ Kf8 43.h5 Ra2+ 44.Kd3 Rf2
45.h6 Bxf6 46.exf6 Kg8 47.h7+ Kh8 48.c4 Rxf6 49.c5 b2 50.Kd4 Rf2 51.Rb1 Kxh7
52.c6 Rc2 53.Kd5 Kg6 54.Kd6 f5 55.c7 Rd2+ 56.Ke7 Re2+ 57.Kd7 Rd2+ 58.Kc6 Rc2+
59.Kb7 f4 60.c8=Q Rxc8 61.Kxc8 Kf5 62.Kd7 f3 63.Kd6 Ke4 64.Rxb2 Ke3  1/2-1/2

[Event "Jonsson Mem Open"]
[Site "Reykjavik ISL"]
[Date "2001.11.02"]
[Round "10"]
[White "Gunnarsson,J"]
[Black "Ulfarsson,M"]
[Result "1/2-1/2"]
[WhiteElo "2386"]
[BlackElo "2298"]

1.e4 c5 2.Nf3 d6 3.d4 cxd4 4.Nxd4 Nf6 5.Nc3 Nc6 6.Bg5 e6 7.Qd2 a6 8.O-O-O h6
9.Nxc6 bxc6 10.Bf4 d5 11.Qe3 Bb4 12.a3 Ba5 13.Be2 O-O 14.e5 Nd7 15.h4 f6
16.exf6 Qxf6 17.Bd6  1/2-1/2

[Event "EuTChw"]
[Site "Leon ESP"]
[Date "2001.11.06"]
[Round "1"]
[White "Hernandez,Yu"]
[Black "Gaponenko,I"]
[Result "1/2-1/2"]
[WhiteElo "2238"]
[BlackElo "2409"]

1.e4 c5 2.Nf3 d6 3.d4 cxd4 4.Nxd4 Nf6 5.Nc3 Nc6 6.Bg5 e6 7.Qd2 a6 8.O-O-O h6
9.Bf4 Bd7 10.Nxc6 Bxc6 11.f3 d5 12.exd5 Nxd5 13.Nxd5 Bxd5 14.c4 Rc8 15.Kb1 Bc6
16.Bd3 Be7 17.Rhe1 Qb6 18.Re2 Bb4 19.Qc2 O-O 20.Qc1 Rfd8 21.Bxh6 gxh6 22.Qxh6 Rxd3
23.Rxd3 Qg1+ 24.Kc2 Bd5 25.Qg5+ Kf8 26.Qh6+ Kg8 27.Rxd5 exd5 28.Qg5+ Kf8
29.Qh6+ Kg8 30.Qg5+ Kf8 31.Qh6+  1/2-1/2

[Event "VII Sreiber Mem"]
[Site "Subotica YUG"]
[Date "2001.11.06"]
[Round "2"]
[White "Popovic,Du"]
[Black "Drazic,S"]
[Result "1/2-1/2"]
[WhiteElo "2372"]
[BlackElo "2471"]

1.e4 c5 2.Nf3 Nc6 3.d4 cxd4 4.Nxd4 Nf6 5.Nc3 d6 6.Bg5 e6 7.Qd2 a6 8.O-O-O Be7
9.f4 Nxd4 10.Qxd4 b5 11.Bxf6 gxf6 12.Be2 Qc7 13.f5 Qc5 14.Qxc5 dxc5 15.fxe6  1/2-1/2

[Event "VII Sreiber Mem"]
[Site "Subotica YUG"]
[Date "2001.11.08"]
[Round "4"]
[White "Sedlak,N"]
[Black "Fontaine,R"]
[Result "1/2-1/2"]
[WhiteElo "2443"]
[BlackElo "2482"]

1.e4 c5 2.Nf3 Nc6 3.d4 cxd4 4.Nxd4 Nf6 5.Nc3 d6 6.Bg5 e6 7.Qd2 Be7 8.O-O-O Nxd4
9.Qxd4 O-O 10.f4 h6 11.Bh4 Qa5 12.Bb5 Rd8 13.e5 dxe5 14.Qxe5 Ng4 15.Rxd8+ Qxd8
16.Bxe7 Qxe7 17.Qd4 a6 18.Be2 e5 19.Nd5 Qd6 20.fxe5 Qxe5 21.Qxe5 Nxe5 22.Nb6 Rb8
23.Nxc8 Rxc8 24.Rd1 Kf8 25.a4 Ke7 26.Rd4 Nc6 27.Rc4 Kd6 28.Bf3 Rc7 29.c3 a5
30.Re4 b6 31.Re8 Ne5 32.Rb8 Nd7 33.Rg8 g6 34.Re8 Rc4 35.Re4 Rxe4 36.Bxe4 f5
37.Bc2 Ne5 38.Kd2 f4 39.Ke2 g5 40.Be4 Kc5 41.b3  1/2-1/2

[Event "EuTChw"]
[Site "Leon ESP"]
[Date "2001.11.11"]
[Round "6"]
[White "Blazkova,P"]
[Black "Puuska,H"]
[Result "1/2-1/2"]
[WhiteElo "2214"]
[BlackElo "2070"]

1.e4 c5 2.Nf3 d6 3.d4 cxd4 4.Nxd4 Nf6 5.Nc3 Nc6 6.Bg5 e6 7.Qd2 a6 8.O-O-O Bd7
9.f4 h6 10.Bxf6 Qxf6 11.Nf3 Qd8 12.Kb1 Qc7 13.Qe3 b5 14.Bd3 Na5 15.Rhe1 Nc4
16.Qd4 Rc8 17.f5 Qc5 18.Qxc5 Rxc5 19.fxe6 fxe6 20.e5 Nxe5 21.Nxe5 Rxe5 22.Bg6+ Ke7
23.Rxe5 dxe5 24.Ne4 Be8 25.Bxe8 Kxe8 26.a4 bxa4 27.c3 g5 28.Nd6+ Ke7 29.c4 Kf6
30.Rf1+ Ke7 31.Nf7 Rg8 32.Nxe5 Bg7 33.Nd3 Rd8 34.Rf3 Rc8 35.c5 Bd4 36.Rh3 Bxc5
37.Nxc5 Rxc5 38.Rxh6 Kd6 39.h4 gxh4 40.Rxh4 Rb5 41.Ka2 a3 42.Kxa3 Rg5 43.Ra4  1/2-1/2

[Event "VII Sreiber Mem"]
[Site "Subotica YUG"]
[Date "2001.11.12"]
[Round "7"]
[White "Sedlak,N"]
[Black "Jakab,A"]
[Result "0-1"]
[WhiteElo "2443"]
[BlackElo "2369"]

1.e4 c5 2.Nf3 d6 3.d4 cxd4 4.Nxd4 Nf6 5.Nc3 Nc6 6.Bg5 e6 7.Qd2 a6 8.O-O-O Bd7
9.f4 b5 10.Bxf6 gxf6 11.Kb1 Qb6 12.Nxc6 Bxc6 13.Qe1 Ra7 14.Bd3 h5 15.Qh4 Be7
16.f5 b4 17.Ne2 e5 18.Rhe1 a5 19.Bc4 a4 20.b3 axb3 21.cxb3 Rg8 22.Ng3 Rg5
23.Rd2 Bf8 24.Nxh5 Ke7 25.Ng3 Bg7 26.Nf1 Ra8 27.Qh3 Rh8 28.Qd3 Qc5 29.h3 Bh6
30.g4 Rgg8 31.Rc2 Qb6 32.Rd1 Bb7 33.Ng3 Bf4 34.Nf1 Rc8 35.Re2 Rc5 36.Nd2 Ra8
37.h4 Rxa2 38.Kxa2 Qa7+ 39.Kb1 Ra5 40.Ba6 Bxa6 41.Nc4 d5 42.Rb2 Bxc4 43.bxc4 Ra3
44.Rb3 Ra1+ 45.Kc2 Qf2+ 46.Rd2 Bxd2  0-1

[Event "EuTChw"]
[Site "Leon ESP"]
[Date "2001.11.13"]
[Round "7"]
[White "Calzetta,M"]
[Black "Madl,I"]
[Result "1-0"]
[WhiteElo "2303"]
[BlackElo "2426"]

1.e4 c5 2.Nf3 d6 3.d4 cxd4 4.Nxd4 Nf6 5.Nc3 Nc6 6.Bg5 e6 7.Qd2 a6 8.O-O-O Be7
9.f3 Qc7 10.h4 b5 11.Bxb5 axb5 12.Ndxb5 Qb8 13.Nxd6+ Bxd6 14.Qxd6 Qxd6 15.Rxd6 Bb7
16.Rhd1 O-O 17.a4 h6 18.Be3 Rfc8 19.b3 Ba6 20.Bb6 Rab8 21.a5 Ne8 22.R6d2 g6
23.Kb2 Ra8 24.Ra1 Kg7 25.Na4 e5 26.Nc5 Nf6 27.c3 g5 28.hxg5 hxg5 29.Nxa6 Rxa6
30.b4 Raa8 31.b5 Nb8 32.Rad1 g4 33.Rd8 Nbd7 34.R8xd7 Nxd7 35.Rxd7 Kf6 36.Kb3 Ke6
37.Rd2 g3 38.c4 f5 39.c5 fxe4 40.fxe4 Rf8 41.c6 Rf1 42.c7  1-0

[Event "ch-NR"]
[Site "Novosibirsk RUS"]
[Date "2001.11.13"]
[Round "1"]
[White "Itkin,D"]
[Black "Duisenova,M"]
[Result "1-0"]
[WhiteElo "2241"]
[BlackElo "2020"]

1.e4 c5 2.Nf3 Nc6 3.d4 cxd4 4.Nxd4 Nf6 5.Nc3 d6 6.Bg5 e6 7.Qd3 a6 8.O-O-O Nxd4
9.Qxd4 Be7 10.f3 Qc7 11.h4 Bd7 12.Kb1 b5 13.Qd2 Bc6 14.Ne2 d5 15.e5 Ng8 16.Nd4 Bc5
17.h5 Bd7 18.f4 h6 19.Bh4 Ne7 20.Nb3 Bb6 21.Bf2 Rc8 22.Bxb6 Qxb6 23.Nd4 b4
24.g4 Nc6 25.Nxc6 Bxc6 26.Bd3 a5 27.f5 Kd7 28.Rhf1 Rcf8 29.f6 gxf6 30.Rxf6 Qd4
31.Qe2 Qc5 32.Qf3 Qe7 33.Rf1 Ke8 34.Qf4 Qc7 35.Bg6  1-0

[Event "2nd It"]
[Site "Odivelas POR"]
[Date "2001.11.13"]
[Round "8"]
[White "Pina,Vl"]
[Black "Fernando,D"]
[Result "0-1"]
[WhiteElo "2195"]
[BlackElo "2367"]

1.Nf3 d6 2.e4 Nf6 3.Nc3 c5 4.d4 cxd4 5.Nxd4 Nc6 6.Bg5 e6 7.Nb3 a6 8.Qd2 b5
9.a3 Bb7 10.f3 h6 11.Be3 Rc8 12.Qf2 Qc7 13.Bb6 Qb8 14.O-O-O Be7 15.Kb1 O-O
16.g4 Ne5 17.h4 Rxc3 18.bxc3 Nxf3 19.Bd3 Nxe4 20.Bxe4 Bxe4 21.g5 h5 22.Rh3 Ne5
23.Bd4 Bf5 24.Rhh1 Nc4 25.Ka2 Qc8 26.Rhe1 e5 27.Be3 a5 28.Bc1 Re8 29.Rd5 Bd7
30.Rf1 Rf8 31.Rd3 a4 32.Qa7 axb3+ 33.cxb3 e4 34.Rd4 Ne5 35.Rxe4 Qxc3 36.Bb2 Qc6
37.Qd4 Be6 38.Rc1 Qd5 39.Qxd5 Bxd5 40.Rd4 Be6 41.Rc7 Re8 42.Rb4 Bd8 43.Rb7 Bd7
44.Rd4 Be7 45.Rd1 Bc6 46.Rc7 Bf3 47.Re1 Bf8 48.Re3 Bd5 49.Kb1 Kh7 50.Rc1 Kg6
51.Rf1 Re6 52.Kc2 f5 53.gxf6 gxf6 54.a4 bxa4 55.bxa4 Bh6 56.Rg1+ Kf7 57.Re2 Re7
58.Ba3 Rc7+ 59.Kb1 Nc4 60.Bc1 Rb7+ 61.Kc2 Bg7 62.Rf1 Ne5 63.Re3 Ke6 64.Bd2 f5
65.a5 Be4+ 66.Kd1 Rb2 67.Bc3 Rg2 68.Rfe1 Bh6 69.Rxe4 fxe4 70.Rxe4 Kd5 71.Rb4 Be3
72.Rb7 Kc4 73.Rc7+ Kd3 74.Rc8 Nc4  0-1

[Event "ch-NR"]
[Site "Novosibirsk RUS"]
[Date "2001.11.15"]
[Round "3"]
[White "Okladnikov,G"]
[Black "Bocharov,D"]
[Result "0-1"]
[WhiteElo "2208"]
[BlackElo "2425"]

1.e4 c5 2.Nf3 Nc6 3.d4 cxd4 4.Nxd4 Nf6 5.Nc3 d6 6.Bg5 e6 7.Qd2 Qb6 8.Nb3 a6
9.O-O-O Be7 10.Kb1 O-O 11.f3 Rd8 12.Be3 Qc7 13.Qf2 Nd7 14.g4 b5 15.f4 Bb7
16.Be2 b4 17.Na4 Rab8 18.g5 a5 19.h4 Ba6 20.Bf1 Bxf1 21.Rhxf1 Qb7 22.Nd4 Nc5
23.Nxc5 dxc5 24.Nb3 c4 25.Nc5 Bxc5 26.Bxc5 b3 27.axb3 cxb3 28.h5 Nb4 29.Bxb4 Qxb4
30.Rxd8+ Rxd8 31.Qe3 bxc2+ 32.Kc1 Qc4 33.Re1 Qa2 34.Kxc2 Rc8+ 35.Kd1 Qxb2  0-1

[Event "ch-NR"]
[Site "Novosibirsk RUS"]
[Date "2001.11.15"]
[Round "3"]
[White "Itkin,D"]
[Black "Rusakov,E"]
[Result "1-0"]
[WhiteElo "2241"]
[BlackElo "2142"]

1.e4 c5 2.Nf3 Nc6 3.d4 cxd4 4.Nxd4 Nf6 5.Nc3 d6 6.Bg5 e6 7.Qd2 Be7 8.O-O-O a6
9.f3 Qc7 10.g4 Bd7 11.Kb1 b5 12.Nxc6 Bxc6 13.Bd3 O-O 14.Ne2 Rfd8 15.Nd4 Bb7
16.h4 Kh8 17.Qe2 Re8 18.Bc1 Nd7 19.Rhe1 Nc5 20.g5 Nxd3 21.Rxd3 b4 22.Qh2 Bf8
23.h5 Rac8 24.b3 d5 25.e5 Qd7 26.Bb2 a5 27.f4 a4 28.Rf3 axb3 29.axb3 Bc5
30.f5 exf5 31.h6 Re6 32.hxg7+ Kxg7 33.Nxf5+ Kh8 34.Rh1 f6 35.exf6 d4 36.g6 Rxf6
37.Qxh7+ Qxh7 38.Rxh7+ Kg8 39.Nh6+  1-0

[Event "TCh-FIN 2001-02"]
[Site "FIN"]
[Date "2001.11.17"]
[Round "4"]
[White "Franssila,T"]
[Black "Niemela,A"]
[Result "1-0"]
[WhiteElo "2254"]
[BlackElo "2244"]

1.e4 c5 2.Nf3 d6 3.d4 cxd4 4.Nxd4 Nf6 5.Nc3 Nc6 6.Bg5 e6 7.Qd2 a6 8.O-O-O h6
9.Be3 Be7 10.f4 Bd7 11.Qe1 Qc7 12.Bd3 b5 13.Qg3 b4 14.Nce2 O-O 15.f5 Nxd4
16.Nxd4 e5 17.Bxh6 Nh5 18.Qg4 exd4 19.Qxh5 gxh6 20.Qxh6 Qd8 21.h4 Bf6 22.Rh3 Be5
23.f6 Qxf6 24.Rg3+ Bxg3 25.Qxf6 Be5 26.Qg5+ Kh7 27.Rf1 f6 28.Qh5+ Kg7 29.Bc4 a5
30.Kb1 a4 31.g4 Rac8 32.Bd5 Bb5 33.g5 fxg5 34.Qxg5+ Kh7 35.Qh5+  1-0

[Event "TCh-FIN 2001-02"]
[Site "FIN"]
[Date "2001.11.18"]
[Round "5"]
[White "Innala,H"]
[Black "Niemela,A"]
[Result "1-0"]
[WhiteElo "2245"]
[BlackElo "2244"]

1.e4 c5 2.Nf3 Nc6 3.d4 cxd4 4.Nxd4 Nf6 5.Nc3 d6 6.Bg5 e6 7.Qd2 a6 8.O-O-O h6
9.Be3 Be7 10.f4 Bd7 11.Kb1 b5 12.Bd3 Qc7 13.Rhe1 O-O 14.h3 Nxd4 15.Bxd4 b4
16.Ne2 e5 17.Be3 exf4 18.Bxf4 Rfe8 19.Bxh6 gxh6 20.Qxh6 Qa5 21.e5 dxe5 22.Ng3 e4
23.Rxe4 Bf8 24.Qxf6 Bg7 25.Qf3 Bc6 26.Rxe8+ Rxe8 27.Qxc6 Qe5 28.c3 bxc3 29.Qxc3 Qf4
30.Qxg7+  1-0

[Event "TCh-FIN 2001-02"]
[Site "FIN"]
[Date "2001.11.18"]
[Round "5"]
[White "Saastamoinen,A"]
[Black "Sorsa,N"]
[Result "1-0"]
[WhiteElo "2185"]
[BlackElo "2261"]

1.e4 c5 2.Nf3 d6 3.d4 cxd4 4.Nxd4 Nf6 5.Nc3 Nc6 6.Bg5 e6 7.Qd2 a6 8.O-O-O h6
9.Bf4 Bd7 10.Nxc6 Bxc6 11.f3 d5 12.exd5 Nxd5 13.Nxd5 Qxd5 14.c4 Qxd2+ 15.Bxd2 Be7
16.Bc3 Bf6 17.Bxf6 gxf6 18.Be2 Ke7 19.g3 Rag8 20.b4 h5 21.Rhg1 f5 22.Kd2 h4
23.g4 f4 24.Kc3 Rg5 25.Rd3 f5 26.h3 fxg4 27.fxg4 e5 28.Bf3 Bxf3 29.Rxf3 Rf8
30.Re1 Ke6 31.Rf2 Kf6 32.Rd2 Re8 33.Rd7 Rg7 34.Rd5 Rge7 35.Re4 Re6 36.Kd3 R8e7
37.Ke2 Rc7 38.Kf3 Rg7 39.c5 Re8 40.Re1 Re6 41.a4 Rg8 42.Red1 b6 43.cxb6 Rxb6
44.Rd6+ Rxd6 45.Rxd6+ Ke7 46.Rxa6 Rc8 47.Ke4 Rc4+ 48.Kxe5 Rxb4 49.Re6+ Kf7
50.Rf6+ Kg7 51.Rxf4 Rb3 52.Ke4 Ra3 53.Kf5 Rxh3 54.g5 Rh1 55.Rb4 h3 56.Rb7+ Kf8
57.Kg6 Ra1  1-0

[Event "ch-Balkan"]
[Site "Istanbul TUR"]
[Date "2001.11.24"]
[Round "7"]
[White "Yilmaz,T"]
[Black "Olcayoz,A"]
[Result "1/2-1/2"]
[WhiteElo "2277"]
[BlackElo "2334"]

1.e4 c5 2.Nf3 d6 3.d4 cxd4 4.Nxd4 Nf6 5.Nc3 Nc6 6.Bg5 e6 7.Qd2 Be7 8.O-O-O O-O
9.f3 Nxd4 10.Qxd4 Qa5 11.h4 Rd8 12.Bc4 Bd7 13.Bb3 Bc6 14.Kb1 b5 15.e5 dxe5
16.Qxe5 Qb6 17.Rde1 b4 18.Na4 Qb5 19.Qg3 Bd6 20.Qh3 Re8 21.Bxf6 gxf6 22.h5 Kh8
23.Rd1 Be7 24.h6 Qa5 25.Qh5 Qxh5 26.Rxh5 f5 27.c3 Red8 28.cxb4 Rxd1+ 29.Bxd1 Rd8
30.Nc3 Bxb4 31.Ba4 Bxc3 32.Bxc6 Bf6 33.g4 Rd2 34.b3 Rb2+ 35.Kc1 Rxa2 36.gxf5 Ra5
37.Be4 exf5 38.Rxf5 Rxf5 39.Bxf5 Bg5+ 40.Kd1 Bxh6 41.Ke2 Bg5 42.Kf1 Kg7 43.Kg2 h5
44.Bd3 Kf6 45.Bc4 Ke7 46.Bd5 f6 47.Bc4 Kf8 48.Bd5 Kg7 49.Be6 Kh6 50.Bf7 Be3
51.Be8 Kg5 52.Bf7 h4 53.Be6 Kf4 54.Bd7 Bd2 55.Bc8 Bc1 56.Bd7  1/2-1/2

[Event "ch-ROM w"]
[Site "Targoviste ROM"]
[Date "2001.11.24"]
[Round "1"]
[White "Apostoaie,Li"]
[Black "Tutulan,M"]
[Result "1-0"]
[WhiteElo "2167"]
[BlackElo "2012"]

1.e4 c5 2.Nf3 d6 3.d4 cxd4 4.Nxd4 Nf6 5.Nc3 Nc6 6.Bg5 e6 7.Qd2 Bd7 8.Ndb5 Qa5
9.Bxf6 gxf6 10.Nxd6+ Bxd6 11.Qxd6 O-O-O 12.O-O-O Rhg8 13.h4 Ne5 14.Qd2 Bc6
15.Qf4 Rxd1+ 16.Kxd1 Qb4 17.Kc1 Qd4 18.Qd2 Qb4 19.f3 Rd8 20.Qe3 Kb8 21.a3 Qe7
22.Be2 Rg8 23.Rg1 Ng6 24.g3 Qd6 25.f4 Ne7 26.Bh5 Rg7 27.Bf3 Qc7 28.h5 Rg8
29.g4 Qa5 30.Qd4 Qc7 31.Qxf6 Qb6 32.Rf1 Qe3+ 33.Kb1 Qc5 34.Qxf7  1-0

[Event "FSIMA December"]
[Site "Budapest HUN"]
[Date "2001.12.01"]
[Round "1"]
[White "Resika,N"]
[Black "Gonda,L"]
[Result "0-1"]
[WhiteElo "2182"]
[BlackElo "2309"]

1.e4 c5 2.Nf3 Nc6 3.d4 cxd4 4.Nxd4 Nf6 5.Nc3 d6 6.Bg5 e6 7.Qd2 a6 8.O-O-O Bd7
9.f4 b5 10.Bxf6 gxf6 11.Kb1 Qb6 12.Nxc6 Bxc6 13.Qe1 Be7 14.f5 b4 15.Ne2 e5
16.Ng3 h5 17.h4 Bf8 18.Bc4 Ke7 19.Rh3 Rc8 20.Qe2 Bb5 21.Bxb5 Qxb5 22.Qxb5 axb5
23.Nf1 Bh6 24.Ne3 Bxe3 25.Rxe3 Rhg8 26.g3 Rg4 27.b3 Rc3 28.Rdd3 Rxd3 29.cxd3 Kd7
30.Kb2 Kc6 31.Rf3 Kc5 32.Kc2 Kd4 33.Kd2 Rg8 34.Kc2 Rc8+ 35.Kd1 Ra8 36.Rf2 Kxd3  0-1

[Event "FSGMA December"]
[Site "Budapest HUN"]
[Date "2001.12.04"]
[Round "4"]
[White "Antal,Ge"]
[Black "Paschall,W"]
[Result "1-0"]
[WhiteElo "2426"]
[BlackElo "2393"]

1.e4 c5 2.Nf3 Nc6 3.d4 cxd4 4.Nxd4 Nf6 5.Nc3 d6 6.Bg5 e6 7.Qd2 Qb6 8.Nb3 a6
9.a4 Qc7 10.a5 Bd7 11.Bd3 Ne5 12.Qe2 Be7 13.Be3 Rc8 14.Bb6 Qb8 15.f4 Nxd3+
16.cxd3 e5 17.O-O Be6 18.Nd2 exf4 19.Rxf4 Nd7 20.Be3 Bg5 21.Rf2 Bxe3 22.Qxe3 O-O
23.h3 Rfe8 24.Qg3 Qa7 25.Nf3 Ne5 26.Nxe5 dxe5 27.Qxe5 Bxh3 28.Qf4 Be6 29.Ra4 Red8
30.d4 Rxd4 31.Qe3 Rxc3 32.Rxd4 Rc1+ 33.Qxc1 Qxd4 34.Qd2  1-0

[Event "FSGMA December"]
[Site "Budapest HUN"]
[Date "2001.12.04"]
[Round "4"]
[White "Berkes,F"]
[Black "Bakre,T"]
[Result "1/2-1/2"]
[WhiteElo "2541"]
[BlackElo "2446"]

1.e4 c5 2.Nf3 d6 3.d4 cxd4 4.Nxd4 Nf6 5.Nc3 Nc6 6.Bg5 Bd7 7.Qd2 Nxd4 8.Qxd4 Qa5
9.f4 h6 10.Bxf6 gxf6 11.O-O-O Rc8 12.Kb1 Qc5 13.Qd3 Bg7 14.f5 h5 15.h4 Bh6
16.g3 Qe3 17.Be2 Qxd3 18.cxd3 Be3 19.Nd5 Bf2 20.Rdf1 Bd4 21.Nf4 Bb5 22.Rc1 Rc6
23.Nxh5 Rxh5 24.Rxc6 Bxd3+ 25.Rc2 Bxc2+ 26.Kxc2 Rh8  1/2-1/2

[Event "9th YM"]
[Site "Loures POR"]
[Date "2001.12.05"]
[Round "9"]
[White "Nogueira,N"]
[Black "Fernando,D"]
[Result "0-1"]
[WhiteElo "2276"]
[BlackElo "2367"]

1.e4 c5 2.Nf3 d6 3.d4 cxd4 4.Nxd4 Nf6 5.Nc3 Nc6 6.Bg5 e6 7.Qd2 Be7 8.O-O-O Nxd4
9.Qxd4 a6 10.f4 b5 11.Bxf6 gxf6 12.Bd3 Qc7 13.Rhf1 Qc5 14.Be2 Bb7 15.a3 Rc8
16.f5 Qxd4 17.Rxd4 Rc5 18.g3 Re5 19.a4 Bc6 20.axb5 axb5 21.Rb4 O-O 22.Rxb5 Bxb5
23.Bxb5 Ra8 24.Bd3 d5 25.fxe6 fxe6 26.exd5 exd5 27.Rf4 Bc5 28.Rg4+ Kh8 29.b4 f5
30.Rh4 Be7 31.Rd4 Rd8 32.Kb2 Bg5 33.Nd1 Re1 34.Nc3 Bf6 35.Nb5 Rh1 36.Kb3 Bxd4
37.Nxd4 Rb1+ 38.Kc3 Rc8+ 39.Kd2 Rxb4 40.Nxf5 Rd8 41.Kc3 Ra4 42.Kb3 Ra7 43.Kc3 d4+
44.Kd2 Ra1 45.Ke2 Kg8 46.Kf3 Kf7 47.Kf4 Kf6 48.g4 Re1 49.g5+ Kf7 50.Nh6+ Kg7
51.Nf5+ Kf8 52.h4 Rd7 53.Be4 Rg1 54.Ke5 Re1 55.h5 Rg1 56.Kf4 Rf7 57.Bd3 Ke8
58.Bc4 Rf8 59.Be2 Kd7 60.Bb5+ Kc7 61.Be2 Rg2 62.Bg4 Rxc2 63.g6 hxg6 64.hxg6 Rf2+
65.Ke4 Re8+ 66.Kd3 Rf4 67.Nh6 Re3+ 68.Kc4 Rc3+ 69.Kd5 Rg3 70.Bf5 Rh4 71.Nf7 d3
72.Ne5 d2  0-1

[Event "9th YM"]
[Site "Loures POR"]
[Date "2001.12.05"]
[Round "9"]
[White "Ribeiro,L"]
[Black "Georgiev,Vl"]
[Result "0-1"]
[WhiteElo "2044"]
[BlackElo "2564"]

1.e4 c5 2.Nf3 Nc6 3.d4 cxd4 4.Nxd4 Nf6 5.Nc3 d6 6.Bg5 Qb6 7.Nb3 e6 8.Be2 a6
9.O-O Qc7 10.a4 b6 11.Be3 Bb7 12.f4 Be7 13.Bf3 O-O 14.g4 Nd7 15.g5 Rac8 16.Qe1 Na5
17.Nxa5 bxa5 18.Qf2 f5 19.Qg2 fxe4 20.Bxe4 Bxe4 21.Qxe4 Nc5 22.Bxc5 Qxc5+
23.Kg2 Qf5 24.Rae1 e5 25.Rf2 Rc5 26.Qxf5 Rxf5 27.h4 Rc4 28.fxe5 Rxe5 29.Rxe5 dxe5
30.Kh3 h6 31.Rf5 hxg5 32.hxg5 Rc5 33.Ne4 Rxc2 34.Rxe5 Bb4 35.g6 Rc6 36.Re8+ Bf8
37.Re5 Rxg6 38.Rxa5 Be7 39.Nc5 Rg5 40.b4 Bxc5 41.bxc5 Rg6 42.Kh4 Rc6 43.Kg5 Kf7
44.Kf5 Ke7 45.Ke5 Kd7 46.Kf5 g6+ 47.Ke5 g5 48.Kf5 g4 49.Kxg4 Ke6 50.Kf4 Kd5
51.Kf5 Kc4 52.Ke5 Rh6 53.Ke4 Kb4 54.Rxa6 Rxa6 55.Kd5 Ra5  0-1

[Event "sf ch-NED"]
[Site "Leeuwarden NED"]
[Date "2001.12.08"]
[Round "2.1"]
[White "Van der Wiel,J"]
[Black "Berkvens,J"]
[Result "1-0"]
[WhiteElo "2495"]
[BlackElo "2428"]

1.e4 c5 2.Nf3 d6 3.d4 Nf6 4.Nc3 cxd4 5.Nxd4 Nc6 6.Bg5 Bd7 7.Be2 e6 8.O-O a6
9.a4 Be7 10.Nb3 Qc7 11.a5 O-O 12.Qd2 Rac8 13.Rfd1 Rfe8 14.Bxf6 gxf6 15.Na4 Rcd8
16.Nb6 Kh8 17.Bh5 Ne5 18.f4 Ng6 19.Nxd7 Qxd7 20.Kh1 Rg8 21.Qf2 Qc6 22.f5 Ne5
23.Nd4 Qc5 24.Qe2 Qc8 25.Ra3 Rg7 26.Rc3 Qd7 27.Bxf7 Nxf7 28.fxe6 Qe8 29.exf7 Rxf7
30.Nf5 Bf8 31.Rd5 Qe6 32.h3 Re8 33.Qh5 Rd7 34.b3 Red8 35.Qg4  1-0

[Event "FSGMA December"]
[Site "Budapest HUN"]
[Date "2001.12.10"]
[Round "10"]
[White "Horvath,Ad"]
[Black "Paschall,W"]
[Result "1/2-1/2"]
[WhiteElo "2490"]
[BlackElo "2393"]

1.e4 c5 2.Nf3 Nc6 3.d4 cxd4 4.Nxd4 Nf6 5.Nc3 d6 6.Bg5 Qb6 7.Nb3 e6 8.Qd2 a6
9.f3 Qc7 10.O-O-O Rb8 11.g4 b5 12.Be3 h6 13.h4 b4 14.Ne2 a5 15.Ned4 Nxd4
16.Nxd4 Bd7 17.Be2 g6 18.Kb1 e5 19.Nb3 a4 20.Nc1 Be6 21.b3 axb3 22.cxb3 Qb7
23.Rhg1 h5 24.g5 Nd7 25.Nd3 d5 26.exd5 Qxd5 27.Qb2 Bf5 28.Ka1 Qa5 29.Nxe5 Bg7
30.f4 Nxe5 31.fxe5 Bxe5 32.Bd4 Bxd4 33.Rxd4 O-O 34.Bc4 Qe5 35.Bxf7+ Kh8 36.Bc4 Ra8
37.Rgd1 Bg4 38.R1d2 Rac8 39.Kb1 Rxc4 40.bxc4 Rf1+ 41.Kc2 Bf5+ 42.Kb3 Rf3+
43.Kxb4 Qb8+ 44.Kc5  1/2-1/2

[Event "FSGMA December"]
[Site "Budapest HUN"]
[Date "2001.12.10"]
[Round "10"]
[White "Varga,Zo"]
[Black "Bakre,T"]
[Result "0-1"]
[WhiteElo "2506"]
[BlackElo "2446"]

1.e4 c5 2.Nf3 d6 3.d4 cxd4 4.Nxd4 Nf6 5.Nc3 Nc6 6.Bg5 a6 7.Qd2 Qb6 8.O-O-O Nxd4
9.Qxd4 Qxd4 10.Rxd4 e6 11.f3 Bd7 12.Bc4 Bc6 13.Rdd1 Be7 14.Bb3 O-O 15.Rd3 Rfe8
16.Bf4 e5 17.Be3 Bd7 18.g4 Be6 19.g5 Nd7 20.Nd5 Bd8 21.h4 Nc5 22.Bxc5 dxc5
23.Ne3 Bxb3 24.axb3 f6 25.Rd7 fxg5 26.Nf5 Bf6 27.Rg1 h6 28.Rxb7 Rab8 29.Rc7 gxh4
30.Nxg7 Bg5+ 31.Kd1 Red8+ 32.Ke1 h3 33.Ne6 h2 34.Rh1 Rd2 35.Rg7+ Kh8 36.Nxg5 Rxc2
37.Rh7+ Kg8 38.Rxh6 Rc1+ 39.Kf2 Rxh1 40.Rg6+ Kf8 41.Kg2 Rc1 42.Kxh2 Rxb3
43.Rxa6 Rxb2+ 44.Kh3 c4 45.Kg4 c3 46.Kf5 Rcb1 47.Kf6 Rb6+ 48.Ne6+ Rxe6+  0-1

[Event "TCh-CZE 2001-2"]
[Site "CZE"]
[Date "2001.12.16"]
[Round "5"]
[White "Votava,J"]
[Black "Lanka,Z"]
[Result "1/2-1/2"]
[WhiteElo "2515"]
[BlackElo "2498"]

1.e4 c5 2.Nf3 Nc6 3.d4 cxd4 4.Nxd4 Nf6 5.Nc3 d6 6.Bg5 e6 7.Qd2 a6 8.O-O-O h6
9.Bf4 Bd7 10.Nxc6 Bxc6 11.f3 d5 12.Qe1 Bb4 13.a3 Ba5 14.b4 Bb6 15.exd5 Bxd5
16.Be5 O-O 17.Qh4 Be3+ 18.Kb2 Bg5 19.Qd4 Bc6 20.a4 Qxd4 21.Bxd4 Rfc8 22.Kb3 a5
23.b5 Bd5+ 24.Nxd5 Nxd5 25.Bc4 Ne3 26.Bxe3 Bxe3 27.Rhe1 Bg5 28.Rd7 b6 29.g3 Rd8
30.Rc7 Bd2 31.Re4 Bb4 32.f4 Bd6 33.Rc6 Rab8 34.g4 Kf8 35.h4 Rb7 36.h5 Be7
37.Bd3 Bf6 38.Rec4 Ke7 39.Be4 Rbb8 40.c3 Rd7 41.Kc2 Bh4 42.f5 Bf2 43.fxe6 fxe6
44.Bg6 Rf8 45.Re4 Rd6 46.Rc7+ Rd7 47.Rc6  1/2-1/2

[Event "Winter Cup"]
[Site "Bucharest ROM"]
[Date "2001.12.18"]
[Round "8"]
[White "Aldea,L"]
[Black "Vioreanu,B"]
[Result "1/2-1/2"]
[WhiteElo "2233"]
[BlackElo "2347"]

1.e4 c5 2.Nf3 d6 3.d4 Nf6 4.Nc3 cxd4 5.Nxd4 Nc6 6.Bg5 e6 7.Qd2 Be7 8.O-O-O Nxd4
9.Qxd4 O-O 10.f4 Qa5 11.Bc4 Bd7 12.e5 dxe5 13.fxe5 Bc6 14.Bd2 Nd7 15.Nd5 Qd8
16.Nxe7+ Qxe7 17.Rhe1 Rfd8 18.Qg4 Nf8 19.Bd3 Rxd3 20.cxd3 Qd7 21.Bb4 Ng6
22.Bd6 f5 23.Qg5 Bd5 24.b3 Qc6+ 25.Kb2 Qb6 26.g3 Qd4+ 27.Kb1 Bf3 28.Rd2 Rc8
29.Qe3 Qc3 30.Rf2 f4 31.Qd2 Qxd2 32.Rxd2 Bd5 33.gxf4 Nxf4 34.Rf1 Ng6 35.Rdf2 h6
36.Rc1 Rxc1+ 37.Kxc1 Nh4 38.Kd2 Nf5 39.Rf1 g5 40.Bc5 a6 41.Rc1 Kf7 42.Bf2 Bc6
43.a4 Bd5 44.Kc3 Kg6 45.b4 Kh5 46.Rg1 g4  1/2-1/2